000 00500nam a2200133Ia 4500
008 100328s9999 xx 000 0 und d
082 _b60071
100 _aगुजर ना.रा.
245 _aचांगले आरोग्य आपल्या हाती.
260 _bग्रंथाली.
630 _aचांगले आरोग्य आपल्या हाती.
730 _aचांगले आरोग्य आपल्या हाती.
942 _cBOOK
999 _c546242
_d546239